000 00924nam a22002297a 4500
005 20211005105927.0
008 211005b mx ||||| |||| 00| 0 spa d
020 _a9786077888048
050 0 4 _aK3611.G46
_bD53 2009
100 1 _aDíaz Revorio, Francisco Javier
_eautor
245 1 4 _aLos derechos humanos ante los nuevos avances científicos tecnológicos
_b: genética e internet ante la constitución
_c/ Francisco Javier Díaz Revorio
250 _a1a ed.
260 _aMéxico :
_bTirant Blanch :
_bComisión Nacional de los Derechos Humanos,
_c2009
300 _a251 p. :
_c24 cm.
504 _aIncluye bibliohemerografía : p. 222-246 e glosario
650 7 _2lemb
_aGénetica
650 7 _2lemb
_aDerecho constitucional
650 7 _2Lemb
_aDerechos humanos
650 7 _2lemb
_aInternet (red de computadores)
_xLegislación
710 1 _aMéxico. Comisión Nacional de los Derechos Humanos
942 _2lcc
_cLIB
999 _c43441
_d43441